书目信息 |
| 题名: |
人格教育
|
|
| 作者: | 王森林 主编 | |
| 分册: | ||
| 出版信息: | 北京 中国时代经济出版社 2003 |
|
| 页数: | 372页 | |
| 开本: | 20cm | |
| 丛书名: | 非智力成长因素教育丛书 | |
| 单 册: | ||
| 中图分类: | B844.1 , B848 , B825 | |
| 科图分类: | ||
| 主题词: | 儿童心理学 , 人格心理学--儿童心理学 , 人格心理学 , 伦理学 | |
| 电子资源: | ||
| ISBN: | 7-80169-408-2 | |
| 000 | 01057oam2 2200325 450 | |
| 001 | 0932248797 | |
| 005 | 20090929085844.12 | |
| 010 | @a7-80169-408-2@dCNY24.00 | |
| 100 | @a20030619d2003 em y0chiy50 ea | |
| 101 | 0 | @achi |
| 102 | @aCN@b110000 | |
| 105 | @ay z 000yy | |
| 106 | @ar | |
| 200 | 1 | @a人格教育@e让孩子拥有一生的财富@f王森林主编@Aren ge jiao yu |
| 210 | @a北京@c中国时代经济出版社@d2003 | |
| 215 | @a372页@d20cm | |
| 225 | 2 | @a非智力成长因素教育丛书 |
| 330 | @a本书介绍了如何开发孩子的非智力因素,对孩子进行人格教育。内容涉及培养孩子有良好的人格修养,让孩子正确理解人格的内涵等。 | |
| 461 | 0 | @1001002378735 |
| 517 | 1 | @a让孩子拥有一生的财富@Arang hai zi yong you yi sheng de cai fu |
| 606 | 0 | @a儿童心理学 |
| 606 | 0 | @a人格心理学@x儿童心理学 |
| 606 | 0 | @a人格心理学 |
| 606 | 0 | @a伦理学 |
| 690 | @aB844.1@v4 | |
| 690 | @aB848@v4 | |
| 690 | @aB825@v4 | |
| 701 | 0 | @a王森林@f(1937.10~)@4主编@Awang sen lin |
| 801 | 0 | @aCN@b大连网信软件有限公司图书馆·11@c20090929 |
| 905 | @a10447@dB825@eJY74 | |
| 人格教育:让孩子拥有一生的财富/王森林主编.-北京:中国时代经济出版社,2003 |
| 372页;20cm .-(非智力成长因素教育丛书 ) |
| ISBN 7-80169-408-2:CNY24.00 |
| 本书介绍了如何开发孩子的非智力因素,对孩子进行人格教育。内容涉及培养孩子有良好的人格修养,让孩子正确理解人格的内涵等。 |
| ● |
| 相关链接 |
|
|
|
|
正题名:人格教育
索取号:B825/JY74
 
预约/预借
| 序号 | 登录号 | 条形码 | 馆藏地/架位号 | 状态 | 备注 |
| 1 | 7820238 | 278202384 | 学院路分馆/ [索取号:B825/JY74] | 在馆 | |
| 2 | 7820239 | 278202393 | 学院路分馆/ [索取号:B825/JY74] | 在馆 | |
| 3 | 7820240 | 278202400 | 学院路分馆/ [索取号:B825/JY74] | 在馆 | |
| 4 | 7820241 | 278202419 | 学院路分馆/ [索取号:B825/JY74] | 在馆 |